[Event "XVI Carlos Torre Mem KO"]
[Site "Merida MEX"]
[Date "2003.12.17"]
[Round "1.1"]
[White "Luther,T"]
[Black "Quezada,Y"]
[Result "1-0"]
[WhiteElo "2580"]
[BlackElo "2475"]
[EventDate "2003.12.18"]

1. e4 c5 2. Nf3 d6 3. d4 cxd4 4. Nxd4 Nf6 5. Nc3 a6 6. Bg5 e6 7. f4 Qb6 8.
Qd2 Qxb2 9. Nb3 Qa3 10. Bxf6 gxf6 11. Be2 h5 12. O-O Nd7 13. Kh1 h4 14. h3
Be7 15. Rad1 b6 16. Qe3 Bb7 17. f5 Rc8 18. fxe6 fxe6 19. Bg4 Qb2 20. Rd3 f5
21. exf5 Ne5 22. f6 Qxc2 23. f7+ Nxf7 24. Rf2 Qxd3 25. Qxd3 Ne5 26. Qd4
Nxg4 27. hxg4 Kd7 28. Rf7 e5 29. Qxb6 Rb8 30. Nc5+ dxc5 31. Qxc5 Rhe8 32.
Nd5 1-0

[Event "XVI Carlos Torre Mem KO"]
[Site "Merida MEX"]
[Date "2003.12.17"]
[Round "1.1"]
[White "Ramirez,Al"]
[Black "Aldama,D"]
[Result "0-1"]
[WhiteElo "2483"]
[BlackElo "2447"]
[EventDate "2003.12.18"]

1. d4 Nf6 2. c4 e6 3. Nc3 c5 4. d5 exd5 5. cxd5 d6 6. e4 g6 7. Nf3 Bg7 8.
Bf4 O-O 9. Nd2 Re8 10. Bd3 a6 11. a4 Nh5 12. Be3 Nd7 13. O-O Rb8 14. f4
Ndf6 15. Be2 b5 16. axb5 axb5 17. g4 b4 18. Na4 Nxd5 19. exd5 Rxe3 20. gxh5
Bd4 21. Kh1 Bf5 22. Bf3 Bd3 23. Re1 Qh4 24. Rxe3 Bxe3 25. Bg2 c4 26. b3
Bxf4 27. Nf3 Qxh5 28. bxc4 Be4 29. h3 b3 30. Nc3 Bxf3 31. Qxf3 Qxf3 32.
Bxf3 Be5 33. Be4 Bxc3 34. Ra3 Bd4 35. Kg2 b2 36. Bb1 Rb4 37. Ra8+ Kg7 38.
Rc8 Bc5 39. Kf3 Rxc4 40. Rb8 Bd4 41. Rb7 Be5 42. Bd3 Rd4 43. Be4 Kh6 44.
Bc2 Rxd5 45. Rxf7 Rd2 46. Be4 d5 0-1

[Event "XVI Carlos Torre Mem KO"]
[Site "Merida MEX"]
[Date "2003.12.17"]
[Round "1.1"]
[White "Hernandez,Rom"]
[Black "Nisipeanu,LD"]
[Result "0-1"]
[WhiteElo "2414"]
[BlackElo "2675"]
[EventDate "2003.12.18"]

1. d4 Nf6 2. c4 e6 3. Nf3 b6 4. Nc3 Bb4 5. e3 Bb7 6. Bd3 O-O 7. O-O c5 8.
Na4 cxd4 9. exd4 Re8 10. a3 Bf8 11. b4 a5 12. b5 d6 13. Nd2 Nbd7 14. Nb3 e5
15. Bb2 Rc8 16. Re1 g6 17. c5 dxc5 18. dxe5 c4 19. exf6 Rxe1+ 20. Qxe1 cxd3
21. Qe3 Nxf6 22. Nxb6 Rc2 23. Bxf6 Qxf6 24. Nd7 Qf5 25. Nxf8 Qd5 26. f3 Re2
27. Nd7 Qxd7 28. Qd4 Qxb5 29. Nc5 Qb6 30. Kf1 Ba6 31. Qd5 d2 32. Qa8+ Re8+
33. Qxa6 Qxc5 0-1

[Event "XVI Carlos Torre Mem KO"]
[Site "Merida MEX"]
[Date "2003.12.17"]
[Round "1.1"]
[White "Gonzalez Zamora,J"]
[Black "Zapata,A"]
[Result "1/2-1/2"]
[WhiteElo "2473"]
[BlackElo "2472"]
[EventDate "2003.12.18"]

1. d4 Nf6 2. c4 g6 3. Nc3 Bg7 4. e4 d6 5. Nf3 O-O 6. Be2 e5 7. Be3 Ng4 8.
Bg5 f6 9. Bc1 Nd7 10. d5 Nh6 11. h4 a5 12. h5 g5 13. Be3 Nc5 14. Qc2 Bd7
15. Nd2 Qe7 16. f3 g4 17. O-O-O Kh8 18. Kb1 Rg8 19. Nb3 b6 20. Nxc5 bxc5
21. Qd2 Nf7 22. fxg4 Bf8 23. Rdf1 Qd8 24. Rh3 Be7 25. Rg3 Qc8 26. Qd1 Ng5
27. Bc1 Rg7 28. Qc2 Nf7 29. Qd1 Ng5 30. Qd2 Qa6 31. Qc2 Rag8 32. Nb5 Bd8
33. Ra3 c6 34. Bxg5 cxb5 35. Bxf6 Bxf6 36. Rxf6 b4 37. Rg3 Qc8 38. Qc1 Bxg4
39. h6 Rg6 40. Bxg4 Rxg4 41. Rxg4 Qxg4 42. Qe1 Qxg2 43. b3 Qh3 44. Rxd6 Rf8
45. Re6 Qd3+ 46. Ka1 a4 47. bxa4 Qd4+ 48. Kb1 Qd3+ 49. Ka1 Qd4+ 50. Kb1
Qd3+ 51. Ka1 1/2-1/2

[Event "XVI Carlos Torre Mem KO"]
[Site "Merida MEX"]
[Date "2003.12.17"]
[Round "1.1"]
[White "Perez,Lu"]
[Black "Filippov,Va"]
[Result "0-1"]
[WhiteElo "2427"]
[BlackElo "2630"]
[EventDate "2003.12.18"]

1. e4 c5 2. c3 Nf6 3. e5 Nd5 4. d4 cxd4 5. Nf3 Nc6 6. Bc4 Nb6 7. Bb3 d5 8.
exd6 Qxd6 9. O-O Be6 10. Bxe6 Qxe6 11. Nxd4 Nxd4 12. Qxd4 Rd8 13. Qh4 h5
14. h3 Qc4 15. Qg5 f6 16. Qg6+ Qf7 17. Qe4 e5 18. f4 Nc4 19. fxe5 Bc5+ 20.
Kh1 Nxe5 21. Bf4 Qc4 22. Qxc4 Nxc4 23. b3 Ne3 24. Bxe3 Bxe3 25. Na3 Bd2 26.
Nb5 Kf7 27. c4 Rhe8 28. Nxa7 Re2 29. Rad1 Ra8 30. Nb5 Rxa2 31. Nd4 Re3 32.
Rf3 Rxf3 33. Nxf3 Bf4 34. Rd3 Rf2 35. Kg1 Rb2 36. Rd7+ Ke6 37. Rxb7 Be3+
38. Kh1 g5 39. Rb5 g4 40. hxg4 hxg4 41. Rb7 g3 0-1

[Event "XVI Carlos Torre Mem KO"]
[Site "Merida MEX"]
[Date "2003.12.17"]
[Round "1.2"]
[White "Zapata,A"]
[Black "Gonzalez Zamora,J"]
[Result "1/2-1/2"]
[WhiteElo "2472"]
[BlackElo "2473"]
[EventDate "2003.12.18"]

1. e4 c5 2. Nf3 Nc6 3. d4 cxd4 4. Nxd4 Nf6 5. Nc3 d6 6. Bc4 e5 7. Nf3 h6 8.
O-O Be7 9. Be3 O-O 10. h3 Be6 11. Bb3 Na5 12. Qd3 Nxb3 13. axb3 a6 14. Rfd1
b5 15. Nh4 Qc8 16. Nf5 Bxf5 17. exf5 d5 18. Nxd5 Nxd5 19. Qxd5 Qxc2 20.
Qxe5 Bf6 21. Qg3 Qxb3 22. Bd4 Qxg3 23. fxg3 Bxd4+ 24. Rxd4 a5 25. b3 Rfc8
26. Rd5 Rcb8 27. g4 Kf8 28. Rd4 Ra6 29. Kh2 Rb7 30. Re1 Ra8 31. Ra1 1/2-1/2

[Event "XVI Carlos Torre Mem KO"]
[Site "Merida MEX"]
[Date "2003.12.17"]
[Round "1.2"]
[White "Filippov,Va"]
[Black "Perez,Lu"]
[Result "1-0"]
[WhiteElo "2630"]
[BlackElo "2427"]
[EventDate "2003.12.18"]

1. Nf3 d5 2. d4 Nf6 3. c4 c6 4. Qb3 dxc4 5. Qxc4 Bf5 6. g3 e6 7. Bg2 Be7 8.
O-O O-O 9. e3 c5 10. Nc3 Nc6 11. Rd1 Qa5 12. Bd2 cxd4 13. Ne2 Qb6 14. Nexd4
Be4 15. Qb3 Qc5 16. Rac1 Qh5 17. Nxc6 bxc6 18. Nd4 Rab8 19. Qc3 Bxg2 20.
Kxg2 Qd5+ 21. f3 c5 22. Nb3 Rfd8 23. e4 Qb7 24. Bf4 Qa6 25. Qc4 Qxa2 26.
Bxb8 Rxb8 27. Nd2 Qxb2 28. Rb1 Qe5 29. Rxb8+ Qxb8 30. Nb3 h5 31. Rd2 h4 32.
Nxc5 hxg3 33. hxg3 Nh5 34. f4 Nxf4+ 35. gxf4 Qxf4 36. Nb3 Qg4+ 37. Kf1 Qf3+
38. Rf2 Qd1+ 39. Kg2 Qg4+ 40. Kh1 Qh3+ 41. Kg1 Bg5 42. Qc8+ 1-0

[Event "XVI Carlos Torre Mem KO"]
[Site "Merida MEX"]
[Date "2003.12.17"]
[Round "1.2"]
[White "Quezada,Y"]
[Black "Luther,T"]
[Result "1-0"]
[WhiteElo "2475"]
[BlackElo "2580"]
[EventDate "2003.12.18"]

1. e4 e6 2. d4 d5 3. Nc3 Bb4 4. e5 c5 5. a3 Ba5 6. b4 cxd4 7. Qg4 Ne7 8.
bxa5 dxc3 9. Qxg7 Rg8 10. Qxh7 Nbc6 11. f4 Qxa5 12. Nf3 Bd7 13. Rb1 O-O-O
14. Qd3 Nf5 15. Rg1 d4 16. g4 Ne3 17. Bxe3 dxe3 18. Qxe3 Ne7 19. Ng5 Rxg5
20. fxg5 Bc6 21. Rg3 Nd5 22. Qf2 Qc7 23. Bg2 Qxe5+ 24. Kf1 Qxg5 25. Qxa7
Qd2 26. Qf2 Nf4 27. Bxc6 bxc6 28. Rxc3 Qxc3 29. Qxf4 e5 30. Qf5+ Kc7 31.
Qxf7+ Rd7 32. Qb3 Qxb3 33. Rxb3 Rd1+ 34. Kg2 Rd2+ 35. Kg3 Rxc2 36. h4 Rc1
37. g5 Kd6 38. Kg4 Ke6 39. Rb8 Rg1+ 40. Kh5 c5 41. Kh6 c4 42. g6 c3 43. Rc8
Kf6 44. h5 Rg3 45. g7 Kf7 46. Rf8+ 1-0

[Event "XVI Carlos Torre Mem KO"]
[Site "Merida MEX"]
[Date "2003.12.17"]
[Round "1.2"]
[White "Aldama,D"]
[Black "Ramirez,Al"]
[Result "1/2-1/2"]
[WhiteElo "2447"]
[BlackElo "2483"]
[EventDate "2003.12.18"]

1. e4 c5 2. Nc3 Nc6 3. Bc4 g6 4. f4 Bg7 5. Nf3 e6 6. O-O Nge7 7. Qe1 O-O 8.
d3 Nd4 9. Nxd4 cxd4 10. Ne2 d5 11. Bb3 a5 12. a4 dxe4 13. dxe4 d3 14. Nc3
Nc6 15. Be3 Nd4 16. Rd1 dxc2 17. Bxc2 Nxc2 18. Rxd8 Nxe1 19. Rxf8+ Bxf8 20.
Rxe1 Bd7 21. Rd1 Bc6 22. e5 Bb4 23. Nb5 Kf8 24. Kf2 Ke7 25. Bb6 Kf8 26. g4
h6 27. Ke3 Kg7 28. b3 Rf8 29. Nc7 Rc8 30. Rd3 Kf8 31. Rd1 Ke7 32. Rd3 Bg2
33. Kf2 Be4 34. Rd4 Bb1 35. Rd1 Ba2 36. Rd3 h5 37. g5 Rg8 38. Nb5 Bb1 39.
Rd1 Be4 40. Rc1 Bc6 41. Bc5+ Bxc5+ 42. Rxc5 Kd7 43. Nd6 b6 44. Rc3 Rf8 45.
Ke3 Bd5 46. Kd4 Bg2 1/2-1/2

[Event "XVI Carlos Torre Mem KO"]
[Site "Merida MEX"]
[Date "2003.12.17"]
[Round "1.2"]
[White "Nisipeanu,LD"]
[Black "Hernandez,Rom"]
[Result "0-1"]
[WhiteElo "2675"]
[BlackElo "2414"]
[EventDate "2003.12.18"]

1. e4 c5 2. c3 d6 3. d4 Nf6 4. Bd3 Nc6 5. Ne2 g6 6. O-O Bg7 7. a3 O-O 8. h3
e5 9. d5 Ne7 10. Nd2 Ne8 11. b4 f5 12. bxc5 dxc5 13. f3 Kh8 14. a4 Ng8 15.
Nc4 Nd6 16. Be3 Nxc4 17. Bxc4 Qd6 18. exf5 gxf5 19. f4 e4 20. Qb3 Rf7 21.
Qa3 Bf8 22. Nc1 Bd7 23. Nb3 Rc8 24. Na5 Be8 25. Bb3 Rg7 26. Nc4 Qxd5 27.
Rad1 Qf7 28. Qb2 Qh5 29. Kh1 Rc6 30. Ne5 Rh6 31. Qf2 Be7 32. Rd2 b6 33. Bd1
Qh4 34. Qxh4 Rxh4 35. Bb3 Rh6 36. Kh2 Rd6 37. Rxd6 Bxd6 38. Rd1 Bc7 39. a5
Re7 40. axb6 axb6 41. Ra1 Kg7 42. Bxc5 bxc5 43. Ra8 Nf6 44. Rc8 Nh5 45. g3
Nf6 46. Bg8 Nxg8 47. Ra8 Nf6 48. Rc8 Nh5 49. Kg2 Nf6 50. g4 Bb5 51. Ra8
fxg4 52. Ra1 h5 0-1

[Event "XVI Carlos Torre Mem KO"]
[Site "Merida MEX"]
[Date "2003.12.17"]
[Round "1.3"]
[White "Nisipeanu,LD"]
[Black "Hernandez,Rom"]
[Result "1-0"]
[WhiteElo "2675"]
[BlackElo "2414"]
[EventDate "2003.12.18"]

1. e4 c5 2. Nf3 Nc6 3. c3 d6 4. d4 Nf6 5. d5 Nb8 6. h3 g6 7. Bd3 Bg7 8. c4
O-O 9. O-O b5 10. cxb5 a6 11. Nc3 axb5 12. Bxb5 Ba6 13. Bxa6 Nxa6 14. Nd2
Qc7 15. Nc4 Rfb8 16. Qe2 Nd7 17. Bf4 Rb4 18. Rac1 Rbb8 19. Rfe1 Nb4 20. a3
Na6 21. e5 dxe5 22. Nxe5 Nxe5 23. Bxe5 Bxe5 24. Qxe5 Qxe5 25. Rxe5 Rxb2 26.
Rxe7 c4 27. Ne4 Rc8 28. Nd6 Rd8 29. Nxc4 Ra2 30. Ne5 Rxa3 31. Nxf7 Rf8 32.
Nh6+ Kh8 33. d6 1-0

[Event "XVI Carlos Torre Mem KO"]
[Site "Merida MEX"]
[Date "2003.12.17"]
[Round "1.3"]
[White "Luther,T"]
[Black "Quezada,Y"]
[Result "1-0"]
[WhiteElo "2580"]
[BlackElo "2475"]
[EventDate "2003.12.18"]

1. e4 c5 2. Nf3 d6 3. d4 cxd4 4. Nxd4 Nf6 5. Nc3 a6 6. Bg5 e6 7. f4 Be7 8.
Qf3 Qa5 9. O-O-O Bd7 10. e5 dxe5 11. fxe5 Nc6 12. Nxc6 Bxc6 13. Qg3 Nh5 14.
Qh4 Bxg5+ 15. Qxg5 g6 16. Bd3 O-O 17. Rhe1 Qd8 18. Qg4 Qc7 19. Qg5 Qd8 20.
Qg4 Qe7 21. Be4 Rac8 22. Kb1 Bb5 23. Nxb5 axb5 24. Qf3 Qc5 25. g4 Ng7 26.
h4 Rfd8 27. Qf6 Rxd1+ 28. Rxd1 Ne8 29. Qf4 Nc7 30. h5 Nd5 31. Qh6 Qe3 32.
Qxe3 Nxe3 33. Rd4 Kg7 34. Bxb7 Rc5 35. Re4 Nc4 36. Kc1 Nxe5 37. b4 Rc7 38.
Rxe5 Rxb7 39. hxg6 hxg6 40. g5 f6 41. Rxe6 fxg5 42. Kd2 Kh6 43. c4 bxc4 44.
Kc3 Ra7 45. Re2 g4 46. Kxc4 Kg5 47. b5 Rc7+ 48. Kb4 Rc1 49. Rb2 Kf4 50. b6
Rc8 51. a4 g3 52. a5 Rb8 53. Kb5 Kf3 54. a6 g2 55. Rxg2 Kxg2 56. a7 Ra8 57.
Ka6 g5 58. b7 Rxa7+ 59. Kxa7 g4 60. b8=Q g3 61. Qb2+ Kh1 62. Qc1+ Kh2 63.
Qf4 Kh3 64. Qf3 Kh2 65. Qh5+ Kg1 66. Kb6 g2 67. Kc5 Kf2 68. Qf5+ Ke1 69.
Qe4+ Kf2 70. Qf4+ Ke2 71. Qg3 Kf1 72. Qf3+ 1-0

[Event "XVI Carlos Torre Mem KO"]
[Site "Merida MEX"]
[Date "2003.12.17"]
[Round "1.3"]
[White "Zapata,A"]
[Black "Gonzalez Zamora,J"]
[Result "0-1"]
[WhiteElo "2472"]
[BlackElo "2473"]
[EventDate "2003.12.18"]

1. e4 c5 2. Nf3 Nc6 3. d4 cxd4 4. Nxd4 Nf6 5. Nc3 d6 6. Bc4 Bd7 7. Bb3 g6
8. f3 Nxd4 9. Qxd4 Bg7 10. Be3 O-O 11. Qd2 b5 12. Bh6 a5 13. a4 b4 14. Bxg7
Kxg7 15. Ne2 Rc8 16. O-O Qb6+ 17. Kh1 Rc5 18. Nf4 Rfc8 19. Rfe1 e5 20. Nd3
R5c7 21. Rac1 Qd4 22. Re2 Be6 23. Bxe6 fxe6 24. g3 b3 25. c3 Qxa4 26. Ree1
Qc4 27. Ra1 Qb5 28. Nf2 Rd7 29. Qd3 Qb6 30. Qe3 Qxe3 31. Rxe3 Ra7 32. Ra4
Nd7 33. Ra1 a4 34. c4 Rcc7 35. Rc3 Nb6 36. Rac1 Kf6 37. Nd3 Nd7 38. f4 exf4
39. gxf4 Nc5 40. e5+ dxe5 41. fxe5+ Ke7 42. Ra1 Ne4 43. Rcc1 Ke8 44. c5 Ra5
45. c6 Ng5 46. Rc4 Nf7 47. Raxa4 Rxa4 48. Rxa4 Rxc6 49. Ra8+ Ke7 50. Ra7+
Kf8 51. Rb7 Rc2 52. Rxb3 Ng5 53. Nf4 Rf2 54. Nh3 Nxh3 55. Rxh3 Kg7 56. Rb3
Re2 57. Rb5 g5 58. b4 Kg6 59. Rc5 Rb2 60. b5 Kf5 61. Kg1 h5 62. Kh1 g4 63.
Kg1 h4 64. Rc8 Rxb5 65. Rh8 h3 66. Kf2 Rb2+ 67. Ke3 Rxh2 68. Rh5+ Kg6 69.
Rh8 Rb2 70. Kf4 h2 71. Rh4 g3 0-1

[Event "XVI Carlos Torre Mem KO"]
[Site "Merida MEX"]
[Date "2003.12.17"]
[Round "1.4"]
[White "Quezada,Y"]
[Black "Luther,T"]
[Result "1-0"]
[WhiteElo "2475"]
[BlackElo "2580"]
[EventDate "2003.12.18"]

1. e4 e6 2. d4 d5 3. Nc3 Nf6 4. e5 Nfd7 5. f4 c5 6. Nf3 a6 7. Be3 Qb6 8.
dxc5 Qxb2 9. Na4 Qa3 10. c3 b5 11. cxb6 Bb7 12. Bc1 Qe7 13. Be2 Bc6 14. Rb1
Bxa4 15. Qxa4 Qc5 16. Nd4 Be7 17. Be3 O-O 18. Nf5 Qxc3+ 19. Bd2 Qxd2+ 20.
Kxd2 exf5 21. Rhc1 Nc5 22. Rxc5 Bxc5 23. Bf3 a5 24. Rb5 Na6 25. Kd1 Bb4 26.
b7 Rab8 27. Qc2 Nc5 28. Rxb4 axb4 29. Qxc5 Rxb7 30. Ke2 b3 31. axb3 Rxb3
32. Bxd5 Rbb8 33. Kf2 g6 34. Qe7 Rb2+ 35. Kg3 Rd2 36. Bf3 Rfd8 37. h4 h5
38. Qf6 Re8 39. Qc6 Red8 40. Qb7 R8d7 41. Qc6 Re7 42. Bd5 Rd7 43. Qxg6+ Kf8
44. Qh6+ Kg8 45. Bf3 1-0

[Event "XVI Carlos Torre Mem KO"]
[Site "Merida MEX"]
[Date "2003.12.17"]
[Round "1.4"]
[White "Gonzalez Zamora,J"]
[Black "Zapata,A"]
[Result "0-1"]
[WhiteElo "2473"]
[BlackElo "2472"]
[EventDate "2003.12.18"]

1. d4 Nf6 2. c4 g6 3. Nc3 Bg7 4. e4 d6 5. Nf3 O-O 6. Be2 e5 7. Be3 Ng4 8.
Bg5 f6 9. Bc1 Nc6 10. d5 Ne7 11. h3 Nh6 12. h4 c5 13. h5 Nf7 14. hxg6 hxg6
15. Be3 a6 16. a4 Bd7 17. Ra3 Qa5 18. Bd2 Qc7 19. Qc2 Rae8 20. a5 Nd8 21.
Na4 Kf7 22. Nb6 Rh8 23. Rf1 Bg4 24. Ng5+ fxg5 25. Bxg4 Bf6 26. Qc1 Kg7 27.
Rf3 Ng8 28. Rg3 Rh4 29. Bxg5 Bxg5 30. Qxg5 Rh6 31. Ke2 Nf6 32. Bf3 Nf7 33.
Qe3 Rh4 34. Kd3 Reh8 35. Qe2 Rf4 36. Qe1 Rhh4 37. Rh1 Rxe4 38. Bxe4 Rxe4
39. Qg1 Rd4+ 40. Kc2 e4 41. Qh2 Qe7 42. Re3 Ne5 43. Qh8+ Kf7 44. Nc8 Qd7
45. Rh7+ Nxh7 46. Qxh7+ Kf6 47. Qh8+ Kg5 48. Rh3 Qa4+ 49. Rb3 Rxc4+ 50. Kb1
Qxb3 51. Qd8+ Kg4 0-1

[Event "XVI Carlos Torre Mem KO"]
[Site "Merida MEX"]
[Date "2003.12.17"]
[Round "1.4"]
[White "Hernandez,Rom"]
[Black "Nisipeanu,LD"]
[Result "0-1"]
[WhiteElo "2414"]
[BlackElo "2675"]
[EventDate "2003.12.18"]

1. d4 Nf6 2. c4 e6 3. Nf3 c5 4. d5 d6 5. Nc3 exd5 6. cxd5 g6 7. e4 a6 8. a4
Bg4 9. Be2 Bxf3 10. Bxf3 Bg7 11. O-O O-O 12. a5 Nbd7 13. Qc2 Re8 14. Re1 c4
15. Be2 Qc7 16. Ra4 b5 17. axb6 Nxb6 18. Ra1 Nfd7 19. Bf1 Nc5 20. Be3 Nd3
21. Bxd3 cxd3 22. Qxd3 Nc4 23. Bc1 f5 24. Qc2 Qb7 25. h3 Rac8 26. Re2 fxe4
27. Rxe4 Rf8 28. Ra4 Ne5 29. Qe2 Rc7 30. Rxa6 Qb8 31. Rea4 Rcf7 32. Be3 Rb7
33. Ra2 Rb4 34. Ra7 Nc4 35. Bc1 Re8 36. Re7 Be5 37. Rxe8+ Qxe8 38. Ne4 Qc8
39. g3 Qxh3 40. Ra8+ Kg7 41. Ra7+ Kf8 42. Ng5 Qh5 43. Nxh7+ 0-1

[Event "XVI Carlos Torre Mem KO"]
[Site "Merida MEX"]
[Date "2003.12.17"]
[Round "1.5"]
[White "Nisipeanu,LD"]
[Black "Hernandez,Rom"]
[Result "1-0"]
[WhiteElo "2675"]
[BlackElo "2414"]
[EventDate "2003.12.18"]

1. e4 e5 2. Nf3 Nc6 3. Bb5 a6 4. Bxc6 dxc6 5. O-O Bg4 6. h3 h5 7. d3 Qf6 8.
Be3 Ne7 9. Nbd2 Ng6 10. Re1 Bd6 11. hxg4 hxg4 12. Nh2 Rxh2 13. Kxh2 Qh4+
14. Kg1 O-O-O 15. Nf3 Qh5 16. Nh2 f5 17. exf5 Rh8 18. fxg6 Qxh2+ 19. Kf1
Qh5 20. Ke2 1-0

[Event "XVI Carlos Torre Mem KO"]
[Site "Merida MEX"]
[Date "2003.12.17"]
[Round "1.5"]
[White "Quezada,Y"]
[Black "Luther,T"]
[Result "1-0"]
[WhiteElo "2475"]
[BlackElo "2580"]
[EventDate "2003.12.18"]

1. e4 Nf6 2. e5 Nd5 3. d4 d6 4. Nf3 dxe5 5. Nxe5 c6 6. Bc4 Nd7 7. Nf3 e6 8.
O-O Be7 9. Nbd2 O-O 10. Ne4 b5 11. Bd3 Bb7 12. c3 a6 13. a4 bxa4 14. Rxa4
c5 15. dxc5 Nxc5 16. Nxc5 Bxc5 17. Rh4 h6 18. Rh3 f5 19. Qe2 Qf6 20. Ne5
Rad8 21. Rg3 Bd6 22. f4 Bxe5 23. fxe5 Qh4 24. Rg6 Kf7 25. Rg4 Qe7 26. Rg3
Ke8 27. Kh1 a5 28. Bb5+ Kf7 29. Qh5+ Kg8 30. Bxh6 Rf7 31. Bg5 Qc5 32. Rh3
Rff8 33. Be2 Nxc3 34. Qh7+ Kf7 35. Bh5+ 1-0

[Event "XVI Carlos Torre Mem KO"]
[Site "Merida MEX"]
[Date "2003.12.17"]
[Round "1.5"]
[White "Zapata,A"]
[Black "Gonzalez Zamora,J"]
[Result "1/2-1/2"]
[WhiteElo "2472"]
[BlackElo "2473"]
[EventDate "2003.12.18"]

1. e4 c5 2. Nf3 Nc6 3. d4 cxd4 4. Nxd4 Nf6 5. Nc3 d6 6. Bc4 e5 7. Nf5 Be6
8. Bb3 g6 9. Ne3 Nd4 10. Ba4+ Bd7 11. Bxd7+ Qxd7 12. Ncd5 Nxd5 13. Nxd5 Bg7
14. c3 Ne6 15. O-O O-O 16. Qe2 Rae8 17. Be3 f5 18. Bxa7 fxe4 19. Qxe4 Ng5
20. Qc4 Kh8 21. Be3 Ne6 22. Qe4 Qc6 23. Rad1 Ra8 24. Qg4 Nf4 25. Nb4 Qc7
26. Bxf4 exf4 27. Qf3 Rae8 28. Rfe1 Qf7 29. h3 h5 30. Rxe8 Rxe8 31. Rxd6
Qf5 32. Rd1 b5 33. Qd3 Qg5 34. Kf1 Kh7 35. Re1 Rd8 36. Qe2 f3 37. Qxf3 Rf8
38. Qe3 Qh4 39. Kg1 Rf5 40. Qd2 Rg5 41. Kh1 Rf5 42. Re2 Qf6 43. Qe1 Qf7
1/2-1/2

[Event "XVI Carlos Torre Mem KO"]
[Site "Merida MEX"]
[Date "2003.12.17"]
[Round "1.6"]
[White "Gonzalez Zamora,J"]
[Black "Zapata,A"]
[Result "0-1"]
[WhiteElo "2473"]
[BlackElo "2472"]
[EventDate "2003.12.18"]

1. d4 Nf6 2. c4 d6 3. Nc3 Nbd7 4. Nf3 c6 5. e4 e5 6. Be2 a6 7. O-O b5 8. a3
Bb7 9. Qc2 Be7 10. Rd1 Qc7 11. Bg5 O-O 12. Rac1 Rac8 13. Bh4 Qb8 14. h3 Bd8
15. Bg3 Re8 16. c5 Bc7 17. cxd6 Bxd6 18. dxe5 Bxe5 19. Nxe5 Nxe5 20. f4 Ng6
21. e5 Nd5 22. Nxd5 cxd5 23. Qd3 Rc4 24. Qd2 Rcc8 25. Bf3 Rc4 26. Kh2 Ne7
27. b3 Rcc8 28. Qd3 g6 29. Bf2 Rxc1 30. Rxc1 Rc8 31. Rxc8+ Qxc8 32. g4 Qc1
33. a4 Qxf4+ 34. Bg3 Qb4 35. Qc2 bxa4 36. bxa4 d4 37. Bxb7 Qxb7 38. Bh4 Qd5
39. Qc7 Qa2+ 40. Kg1 Qb1+ 41. Kg2 Qa2+ 42. Kg1 Qb1+ 43. Kh2 Qa2+ 44. Kg3
Qb3+ 45. Kg2 Qa2+ 46. Bf2 Qd5+ 47. Kh2 Nc6 48. Bg3 d3 49. e6 Qxe6 50. Qf4
Qe2+ 51. Bf2 d2 52. Qf6 Qd3 0-1

[Event "XVI Carlos Torre Mem KO"]
[Site "Merida MEX"]
[Date "2003.12.18"]
[Round "2.1"]
[White "Quezada,Y"]
[Black "Nisipeanu,LD"]
[Result "1/2-1/2"]
[WhiteElo "2475"]
[BlackElo "2675"]
[EventDate "2003.12.18"]

1. e4 c5 2. Nf3 e6 3. d4 cxd4 4. Nxd4 Nc6 5. Nc3 Qc7 6. Be3 Nf6 7. f3 Bb4
8. Ndb5 Qb8 9. a3 Be7 10. Qd2 a6 11. Nd4 b5 12. Nxc6 dxc6 13. Be2 O-O 14.
O-O e5 15. Kh1 Rd8 16. Qe1 Be6 17. Qf2 Rd7 18. Rfd1 Qf8 19. Qg3 Bd6 20. Rd2
Bc5 21. Rxd7 Nxd7 22. Qf2 a5 23. Bxc5 Qxc5 24. Qxc5 Nxc5 25. Kg1 Kf8 26.
Kf2 Ke7 27. Ke3 f6 28. g3 Bf7 29. Bd3 Rb8 30. Ne2 a4 31. Nc3 Ne6 32. Ne2 c5
33. c3 Nc7 34. Bc2 Ne8 35. Nc1 Nd6 36. Nd3 Nc4+ 37. Ke2 Kd6 38. Rd1 Kc6 39.
Bb1 Na5 40. Ke3 Bb3 41. Rf1 Re8 42. Rg1 Nc4+ 43. Ke2 Nd6 44. Nf2 Bf7 45.
Bd3 Rb8 46. Rc1 Kd7 47. f4 Re8 48. Kf3 Kc6 49. h3 h5 50. Rg1 g5 51. f5 Bb3
52. Ke3 Kb6 53. Rc1 Rh8 54. Be2 Bc4 55. Rd1 Kc6 56. Bd3 h4 57. g4 Rb8 58.
Rc1 Bb3 59. Kf3 Rd8 60. Ke3 Kb6 61. Ke2 Nb7 62. Ke3 Na5 63. Ke2 Nc6 64. Bc2
Bxc2 65. Rxc2 b4 66. Nd1 Kb5 67. Ne3 Rd6 68. Rc1 b3 1/2-1/2

[Event "XVI Carlos Torre Mem KO"]
[Site "Merida MEX"]
[Date "2003.12.18"]
[Round "2.1"]
[White "Zapata,A"]
[Black "Espinosa,Ra MEX"]
[Result "1-0"]
[WhiteElo "2472"]
[BlackElo "2415"]
[EventDate "2003.12.18"]

1. e4 c5 2. Nf3 Nc6 3. d3 g6 4. g3 Bg7 5. Bg2 d6 6. O-O Nf6 7. c3 O-O 8.
Nbd2 b5 9. a3 a5 10. d4 Nd7 11. d5 Nce5 12. Ne1 Nb6 13. f4 Nec4 14. Nxc4
Nxc4 15. Nc2 Ba6 16. Rf3 a4 17. Bf1 Na5 18. Rb1 Rb8 19. f5 Qb6 20. g4 Nb3
21. Be3 Be5 22. Nb4 Na5 23. Qe1 f6 24. fxg6 hxg6 25. Qh4 Kf7 26. Qh7+ Ke8
27. Nxa6 Qxa6 28. Bh6 Kd7 29. Bxf8 Rxf8 30. g5 f5 31. Qxg6 Rh8 32. Rh3 Rf8
33. Rh7 Qa7 34. Qe6+ Kd8 35. exf5 c4+ 36. Kh1 Re8 37. Bg2 Qe3 38. Rf1 Qxg5
39. f6 Bxf6 40. Bh3 Kc7 41. Qd7+ Kb6 42. Qxe8 Qxd5+ 43. Bg2 Qd3 44. Rh5 1-0

[Event "XVI Carlos Torre Mem KO"]
[Site "Merida MEX"]
[Date "2003.12.18"]
[Round "2.2"]
[White "Nisipeanu,LD"]
[Black "Quezada,Y"]
[Result "1/2-1/2"]
[WhiteElo "2675"]
[BlackElo "2475"]
[EventDate "2003.12.18"]

1. e4 c5 2. Nf3 d6 3. d4 cxd4 4. Nxd4 Nf6 5. Nc3 a6 6. Be3 e5 7. Nf3 Be7 8.
Bc4 O-O 9. O-O Be6 10. Bb3 b5 11. Ne1 Nc6 12. Nd3 h6 13. Re1 Rb8 14. Qe2 a5
15. Rad1 a4 16. Bd5 Bxd5 17. exd5 Na5 18. f4 exf4 19. Nxf4 Qd7 20. Bd4 Rfe8
21. b3 Qf5 22. Rf1 Qg4 23. Qd3 axb3 24. cxb3 b4 25. Nce2 Nb7 26. Ng3 Nc5
27. Bxc5 dxc5 28. d6 Rbd8 29. Nd5 Bxd6 30. Nxf6+ gxf6 31. Nf5 Bf4 32. Qxd8
Rxd8 33. Rxd8+ Kh7 34. Rd5 Be5 35. Rd2 c4 36. bxc4 Qxc4 37. g3 Bc3 38. Rdf2
Be5 39. Kg2 h5 40. Re1 1/2-1/2

[Event "XVI Carlos Torre Mem KO"]
[Site "Merida MEX"]
[Date "2003.12.18"]
[Round "2.2"]
[White "Espinosa,Ra MEX"]
[Black "Zapata,A"]
[Result "1/2-1/2"]
[WhiteElo "2415"]
[BlackElo "2472"]
[EventDate "2003.12.18"]

1. e4 c5 2. c3 Nf6 3. e5 Nd5 4. d4 cxd4 5. Nf3 Nc6 6. cxd4 d6 7. Bc4 Nb6 8.
Bb5 dxe5 9. Nxe5 Bd7 10. Nxd7 Qxd7 11. Nc3 e6 12. O-O Be7 13. Qg4 O-O 14.
Rd1 Rfd8 15. Bh6 Bf6 16. Ne4 Qe7 17. Bxc6 bxc6 18. h4 Rd5 19. Rac1 Bxd4 20.
Rxd4 f5 21. Qxg7+ Qxg7 22. Bxg7 fxe4 23. Rxd5 exd5 24. Bd4 Rc8 25. Rc3 Kf7
26. f3 exf3 27. Rxf3+ Ke7 28. Bc5+ Ke6 29. g4 Nc4 30. g5 Nxb2 31. Bd4 Nc4
32. Rf6+ Kd7 33. Bc5 Ne5 34. Rd6+ Ke7 35. Rxd5+ Ke6 36. Rd6+ Kf5 37. Kg2
Kg4 38. Rd4+ Kh5 39. Kg3 h6 40. gxh6 Kxh6 41. Bxa7 Ra8 42. Rd6+ Kh7 43. Bd4
Ra3+ 44. Kf4 Ng6+ 45. Kg4 Nxh4 46. Kxh4 Rxa2 47. Kg5 Ra5+ 48. Kh4 1/2-1/2

[Event "XVI Carlos Torre Mem KO"]
[Site "Merida MEX"]
[Date "2003.12.18"]
[Round "2.3"]
[White "Nisipeanu,LD"]
[Black "Quezada,Y"]
[Result "1-0"]
[WhiteElo "2675"]
[BlackElo "2475"]
[EventDate "2003.12.18"]

1. e4 c5 2. c3 d6 3. d4 Nf6 4. Bd3 g6 5. Nf3 Bg7 6. O-O O-O 7. h3 Nc6 8. d5
Ne5 9. Nxe5 dxe5 10. c4 e6 11. Nc3 exd5 12. cxd5 Nh5 13. Re1 Bd7 14. a4 Kh8
15. Bb5 a6 16. Bxd7 Qxd7 17. a5 Qd6 18. Be3 Nf6 19. Qd3 Nd7 20. Na4 f5 21.
f3 f4 22. Bf2 Bf6 23. Rec1 Rac8 24. Rc4 g5 25. Rac1 Rg8 26. Nxc5 Nxc5 27.
Bxc5 Qd7 28. Bb6 Rxc4 29. Qxc4 h5 30. Qc7 Qe8 31. Qd6 Rg6 32. Qc7 g4 33.
Qc8 Qxc8 34. Rxc8+ Kh7 35. hxg4 hxg4 36. fxg4 Rxg4 37. Kf1 Rg3 38. Rc3 Rg7
39. Rc7 Be7 40. Rxb7 Kg6 41. Bf2 Bg5 42. Rxg7+ Kxg7 43. b4 1-0

[Event "XVI Carlos Torre Mem KO"]
[Site "Merida MEX"]
[Date "2003.12.18"]
[Round "2.4"]
[White "Quezada,Y"]
[Black "Nisipeanu,LD"]
[Result "1-0"]
[WhiteElo "2475"]
[BlackElo "2675"]
[EventDate "2003.12.18"]

1. e4 e5 2. Nf3 d6 3. d4 exd4 4. Qxd4 a6 5. Bf4 Nc6 6. Qe3 Nf6 7. Nc3 Be7
8. h3 O-O 9. O-O-O Nd7 10. g4 Re8 11. Bc4 Nb6 12. Bb3 Na5 13. Kb1 Bf8 14.
Bg5 Be7 15. Qf4 Nxb3 16. Bxe7 Qxe7 17. cxb3 Bd7 18. Nd4 Rad8 19. Nf5 Qe5
20. Qg5 Bxf5 21. gxf5 Qf6 22. Qf4 c6 23. Rhe1 Qe5 24. Qg5 Qf6 25. Qf4 Qe5
26. Qe3 Nd7 27. f4 Qf6 28. Qg3 d5 29. Qg4 Qe7 30. e5 Qf8 31. Ne2 Nc5 32.
Ng3 Kh8 33. Rg1 Ne4 34. Nxe4 dxe4 35. Rxd8 Rxd8 36. Qg5 f6 37. Qg4 e3 38.
e6 Rd2 39. a3 Kg8 40. Ka2 a5 41. Rg3 e2 42. Re3 Qe7 43. Rxe2 Rxe2 44. Qxe2
Kf8 45. Qd2 Qc7 46. Qd4 Ke7 47. Qc5+ Ke8 48. Qa7 Ke7 49. Qa8 g6 50. Qg8 Kd6
51. fxg6 hxg6 52. f5 g5 53. Qf8+ 1-0